Statistiques concernant Combattants de Brawlhalla

Cliquez ici pour prendre le quiz!

Statistiques générales

  • Ce quiz a été pris 38 fois
    (14 depuis la dernière actualisation)
  • Le résultat moyen est 30 sur 56

Statistiques - réponses

NuméroNom% Correct
30Mordex
89%
35Orion
89%
8Bödvar
78%
33Nix
78%
38Rayman
78%
44Teros
78%
48Val
78%
1Ada
67%
4Asuri
67%
14Ember
67%
19Isaiah
67%
28Mako
67%
32Queen Nai
67%
55Zariel
67%
2Arcadia
56%
5Azoth
56%
6Barraza
56%
7Brynn
56%
10Cassidy
56%
17Gnash
56%
18Hattori
56%
21Jiro
56%
51Lord Vraxx
56%
26Lucien
56%
27Magyar
56%
31Munin
56%
39Reno
56%
42Sentinel
56%
46Thor
56%
47Ulgrim
56%
53Xull
56%
54Yumiko
56%
3Artémis
44%
11Cross
44%
12Diana
44%
13Dusk
44%
16Fait
44%
20Jaeyun
44%
22Kaya
44%
23Koji
44%
24Kor
44%
25Lin fei
44%
29Mirage
44%
34Onyx
44%
37Ragnir
44%
41Scarlet
44%
43Sidra
44%
40Sir Roland
44%
45Thatch
44%
49Vector
44%
50Volkov
44%
9Caspian
33%
15Ezio
33%
36Petra
33%
52Wu Shang
33%
21Jhala
22%

Distribution des résultats

Percentile par nombre de réponses

% des personnes avec chaque résultat

Votre développement - résultats

Vous n’avez pas pris ce quiz depuis la dernière actualisation